Statistics for Landlocked Same-Letter Bordering Country Pairs

Click here to take the quiz!

General Stats

  • This quiz has been taken 49 times
  • The average score is 6 of 8

Answer Stats

Countries% Correct
Chad
91%
Central African Republic
88%
Kazakhstan
82%
Kyrgyzstan
82%
Zambia
76%
Zimbabwe
76%
Armenia
70%
Azerbaijan
70%

Score Distribution

Percentile by Number Answered

Percent of People with Each Score

Your Score History

You have not taken this quiz